| 000 | 00500nam a22001817a 4500 | ||
|---|---|---|---|
| 003 | NUST | ||
| 005 | 20260212164458.0 | ||
| 008 | 260212b ||||| |||| 00| 0 eng d | ||
| 020 | _a978-0824741310 | ||
| 082 |
_a621.3678 _bEGA |
||
| 100 |
_aWalter G. Egan. _9133190 |
||
| 245 |
_aOptical Remote Sensing: Science and Technology / _cWalter G. Egan. |
||
| 250 | _a1st Edition | ||
| 260 |
_aUSA: _bMarcel Dekker, _c2003. |
||
| 300 |
_avii, 507 p ; _c28.00 cm |
||
| 563 | _aHardcover | ||
| 942 |
_2ddc _cBK |
||
| 999 |
_c616195 _d616195 |
||